000 00598nam a2200217 4500
001 37542
003 BD-RjUL
005 20211209052624.0
008 150125s1997 ii a|||| |||| 00| 0 eng d
020 _a8174885994
035 _a(BD-RjUL)37646
040 _aBD-RjUL
_beng
_cBD-RjUL
_dBD-RjUL
041 _aeng
082 _219
_a641.13
_bYAF 1997
100 _aYadav, Seema
_9115300
245 _aFood chemistry /
_cSeema Yadav.
260 _aNew Delhi :
_bAnmol publications pvt. ltd.,
_c1997.
300 _aviii, 294 p.:
_bill.
_c23 cm.
650 _aFood
_xAnalysis.
_9115301
942 _2ddc
_cBK
999 _c37542
_d37542